Steden van Antwerpen - Statistics

General Stats
  • This quiz has been taken 67 times
  • The average score is 6 of 8
Answers on the Map
Answers color-coded by a green-red scale on the quiz's map according to % correct below.
 
Answer Stats
answer % Correct
Antwerpen | Anvers | Antwerp
96%
Mechelen | Malines | Mecheln | Mechlin
85%
Lier | Lierre
83%
Turnhout
83%
Geel
69%
Mortsel
67%
Herentals
62%
Hoogstraten
60%
No matching quizzes found
Score Distribution
Percent of People with Each Score
Percentile by Number Answered
Your Score History
You have not taken this quiz